Minerações (Registo nº 201596)

Detalhes MARC
000 -Etiqueta do registo
Valores 00603nam 22001693 4500
100 ## - Dados gerais de processamento
Dados gerais 20260331d u||y0pory50 ba
200 ## - Titulo e menção de responsabilidade
Título próprio Minerações
Informação de outro título ensaios de crítica e vida literária
Primeira menção de responsabilidade Joaquim-Francisco Coelho
Outras menções de responsabilidade prefácio de Cassiano Nunes
210 ## - Publicação
Local de publicação Belém
Nome do editor Universidade Federal do Pará
Data de publicação 1975
215 ## - Descrição física 
Paginação / Volumes [10], 118, [1] p.
Outras indicações físicas brochado
Dimensões 22 cm
300 ## - Notas gerais 
Texto da nota Contém dedicatória na pág. [5]
675 ## - CDU
Notação 821.134.3(81)-3
Edição BR
Língua por
700 ## - Autor principal (pessoa individual)
ID Autoridade 17023
Apelido Coelho
Nome Joaquim Francisco
Datas 1938-2019
801 ## - Fonte de origem
País PT
Agência BMMN
Regras de catalogação RPC
830 ## - Notas gerais do catalogador
Criado por Ana Falardo
Indexado por Ana Falardo
990 ## - Elementos KOHA
Tipo de documento Livro
Exemplares
Situação do levantamento Biblioteca de origem Código de barras Cota Permissão de empréstimo Tipo de documento Nota relativa ao exemplar Forma de aquisição
  Biblioteca Municipal de Montemor-o-Novo 30945 821.134.3(81)-3 COE|SAF   Livro Acesso Condicionado Oferta

Powered by Koha